01464nam a2200337 a 4500001001000000003000500010005001700015008004100032010001100073011001100084040000900095090001000104100004200114245015500156260004100311500006000352502008300412590004100495590004000536590004000576650004600616650003400662650004200696856007000738901000700808942001000815942000600825999001900831952014000850952013600990000113023CHAP20220329144334.0170317s2016 mx sm |||||||spa d a109484 a110456 cCHAP aTesis1 aSánchez Ávila, Luz Amalia913176910aCaracterización molecular y contenido de resveratrol de líneas de cacahuate (Arachis hypogaea L.)h[En línea]cpor Luz Amalia Sánchez Ávila. aChapingo, Méx. :bEl autor,c2016. aPara ver el contenido del material haga clic en la liga aTesis (M.C. en Biotecnológia Agrícola) -- UACH. Departamento de Fitotecnia aBATCH-UPDb05c20170317lUCH01h1148 aE5765TAJb05c20170317lUCH01h1147 aE5765TAJb05c20170317lUCH01h115014aCacahuatexEnfermedadesxControl.913177114aCacahuatexGenética.91687314aResveratrolxFitopatología.9131770 aFinding aiduhttp://10.13.5.2/tesis/sist113023.pdfzTeclea aquí aBK cTESIS n0 c109484d109484 00102local4053708TESISaBCbBCcPA_TESISd2017-03-17fTESISl0oTesisp33724002525520r2019-12-31 00:00:00tc.2w2019-12-31yTESIS 00104054718TESISaBCbBCd2017-03-17fTESISl0oTesisp33724002525561r2019-12-31 00:00:00w2019-12-31yTESISzRecien adquirido